000 00645nam a2200217 i 4500
001 115527
003 ES-MaACL
005 20230906190456.0
007 t|
008 070314q1922 sp a |||| | spa d
080 _a621.395
100 1 _aCaro y Anchía, Ricardo.
_935412
245 1 0 _aTimbres y teléfonos /
_cpor Ricardo Caro y Anchía.
260 _aMadrid :
_bCalpe,
_c[1922?]
300 _a167 p. :
_bil. ;
_c17 cm.
490 1 _aBiblioteca del electricista práctico ;
_v26
650 1 4 _aTeléfono.
_9151341
830 0 _aBiblioteca del electricista práctico ;
_v26
_9186267
852 _aES-MaACL
_jB-3759
999 _c115527
_d115527